LEADER 01119nam a2200193 i 4500 001 000000250825 003 CaOOAMICUS 005 20250814124053.0 008 160823s1806 it u000 u ita u 013 $a229730 026 $aalla tea- ).e. ARfu (7) 1806 (A) 040 $aSeMil$bita 245 10$a4. 300 $a295, [1] p. 773 0 $aMaleville, Jacques $tAnalisi ragionata della discussione intorno al codice civile tenutasi nel Consiglio di Stato francese, contenente il compendio delle osservazioni fatte su d'ogni articolo, ed i motivi della decisione del Consiglio, ... insieme alcuni articoli del Codice, e rettificarne alcuni altri agevolando la spiegazione loro ed il loro significato. Traduzione italiana del signor Giorgio Ricchi ... con annotazioni del traduttore. Volume 1. [-12.].$dMilano : Dalla Tipografia di Francesco Sonzogno di G. Batt., 1805-1809.$kBiblioteca di giurisprudenza italiana$g4$w()11206 850 $aSeMil 852 $aSeMil$W1$xVenegono$y1$m3L II 46 FA$j201171$B201171$CSeMilBibl$Z2$F212926 $8I 996 $6245$a4$9(OLS)http://semarc/title/47131 LEADER 01259nam a2200277 i 4500 001 000000049858 003 CaOOAMICUS 005 20100610000000.0 008 100610s1966 it u000 u ita u 013 $a21029 040 $aSeMil$bita 100 1 $aIodice, Antonio.$0(OLS)http://semarc/name/24694 245 13$aLa vigna ristorata :$bSan Roberto Bellarmino a Capua /$cAntonio Iodice ; con prefazione di Pietro Borraro. 246 04$iTitolo in copertina:$aSan Roberto Bellarmino a Capua 260 $aNapoli :$bLaurenziana,$cstampa 1966. 300 $a244 p., [1] p. di tav. ;$c19 cm. 500 $aContiene : Postilla bibliografica. 600 14$aBellarmino, Roberto .$0(OLS)http://semarc/subject/2597 650 4$aCapua.$0(OLS)http://semarc/subject/6750 700 1 $aBorraro, Pietro.$0(OLS)http://semarc/name/9402 850 $aSeMil 852 $aSeMil$W1$xVenegono$y1$m3H I 376$j16013$B16013$CSeMilBibl$Z2$F16013 $81 961 $aOmaggio: Dossena mons. Tranquillo 996 $6245$aLa vigna ristorata :$bSan Roberto Bellarmino a Capua$9(OLS)http://semarc/title/75985 996 $6246$aSan Roberto Bellarmino a Capua$9(OLS)http://semarc/title/75986 996 $6260$aNapoli :$bLaurenziana$9(OLS)http://semarc/publisher/35895